| 000 | 00733nam a22002177a 4500 | ||
|---|---|---|---|
| 999 |
_c8942 _d8942 |
||
| 003 | AR-CdUCM | ||
| 008 | 190327b ||||| |||| 00| 0 spa d | ||
| 020 | _a978-84-9101-172-9 | ||
| 040 |
_aMUNICIPALIDAD PROVINCIAL DEL CUSCO _cBIBLIOTECA MUNICIPAL DEL CUSCO |
||
| 082 |
_aPI-0015 / _bJUN / mon |
||
| 100 |
_aJunyent, Monise _924827 |
||
| 245 |
_aMon y Nedita : _bmi primer libro de economía / |
||
| 260 |
_aBarcelona : _bCombel, _c2017. |
||
| 300 |
_bilustraciones a color _c23 cm. _eHucha para armar, |
||
| 500 | _aNo cuenta con numeración impresa. | ||
| 650 |
_aLibro infantil didactico _924828 |
||
| 650 |
_aLibro animado _924829 |
||
| 700 |
_aSerrano, Lucía (Ilustraciones) _924830 |
||
| 942 |
_2ddc _cLIBROS |
||
| 945 | _araen | ||